000 00710nam a2200241Ia 4500
005 20260430150335.0
008 008 250103s9999 xx 000 0 eng d
037 _aTheses
040 _aCRL
040 _beng
040 _ceng
041 _2eng
041 _aeng
084 _qCRL
100 _aMaggo Vidhi Au.; Gupt Yamini Gu.
_91237198
245 2 _aA Study of the Relationship between Education, Poverty and Inequality in Urban India
260 _c2023
300 _a332p.
650 _aBusiness; Economics; Finance
700 _aUniversity of Delhi. Faculty of Commerce and Business Studies. Deptt. of Finance and Business Economics
_91237194
942 _cTH
999 _c1849553
_d1849553